00776nam a22002297a 4500003000400000005001700004007000300021008004100024020001800065040002500083041000800108082002200116100003800138245007000176250001300246260003900259300002200298700005100320942001400371952014400385999001700529OSt20210126134328.0ta210114e2008 dr ||||| |||| 00| pdspa d a9789945130805 aDO-SdBNPbspacBNPHU hspa aBNPH- xxxxbN575d 1925855aNúñez , Lorgio,d1960-10aDesarraigo, asombros /cAntonio Manuel Brito Ovalle , prólogo.  a2da. ed. aSanto Domingo : bSonrisol ,c2008 a101 pg. ;c19 cm. aBrito Ovalle, Antonio Manueleprólogo914359 2ddccLBS1 00102ddc718PDaBNPHUbPDcHDd2018-12-06eDonado por Nieves L. Enutenio R.l0oBNPH- xxxx N575lp2021-0094r2021-01-14w2021-01-14yLFPD c49328d49328